000 00470nam a2200157 4500
005 20260309154201.0
008 260309b |||||||| |||| 00| 0 eng d
041 _aMarathi
082 _aX 891 GOL B12271
100 _aगोळे, रवींद्र
_9216875
245 _aमहर्षी विठ्ठल रामजी शिंदे
260 _aPune
_bBharatiya Vichar Sadhana
_c2024
300 _a24p
_bpb
365 _aRupaye
_b25
_cINR
942 _cBK
999 _c370620
_d370620